000 01029cam a2200229 4500
001 ##L130425
002 8849
008 050727n2005 000 0 eng u
020 _a0131148702
035 _a(Sirsi) u130425
041 0 _aeng
050 0 0 _a690.0685 $2 22
100 1 _aWeber, Sandra Christensen
245 0 0 _aScheduling construction projects
_bprinciples and practices
260 _aNew Jersey
_bPearson Education
_c2005
300 _axi, 333p, 25cm
350 _a36.99
520 _aThis American text provides comprehensive coverage of all aspects of planning, scheduling and evaluating construction projects. Covers scheduling basics, resource management, schedule control and advanced and alternate scheduling techniques. Includes advanced topics such as linear scheduling, activity-on-arrow networking, project evaluation and review, resource levelling and scheduling multiple projects.
590 _aIKA111005
690 _aBUILT ENVIRONMENT-CONSTRUCTION MANAGEMENT-CONSTRUCTION PLANNING
942 _n0
999 _c104451
_d104451